Normal view
MARC view
- SYED IMRAN MOAZZAM
Entry Personal Name
001 - CONTROL NUMBER
- control field: 108291
003 - CONTROL NUMBER IDENTIFIER
- control field: NUST
005 - DATE AND TIME OF LATEST TRANSACTION
- control field: 20230131150706.0
008 - FIXED-LENGTH DATA ELEMENTS
- fixed length control field: 230131|| aca||aabn | a|a d
040 ## - CATALOGING SOURCE
- Original cataloging agency: NUST
- Transcribing agency: NUST
100 ## - HEADING--PERSONAL NAME
- Personal name: SYED IMRAN MOAZZAM
670 ## - SOURCE DATA FOUND
- Source citation: Work cat.: (NUST): SYED IMRAN MOAZZAM, TH-SOF-0886-FILLER MATERIAL ESTIMATION FOR POTHOLES USING 3D PAVEMENT IMAGES, 2014.
